000 00617nam a22002657a 4500
003 UA-OsUOA
001 22596
007 ta
008 20031222b un ||||| |||| 00| 0 ukr d
100 _aГаджинский А.М.
090 _a164
_bГ13
942 _cBK
040 _aUA-OsUOA
_brus
_cUA-OsUOA
_dUA-OsUOA
245 _aОсновы логистики
300 _a124 с.
955 _a0
041 _arus
080 _a164
020 _a5-8690-068-4
260 _aМосква
_bИВЦ "Маркетинг"
_c1996
044 _aRU
250 _n2-е изд.
650 7 _2UDC
999 _c308818
_d308818